Teología del Antiguo Testamento

Guardat en:
Dades bibliogràfiques
Autor principal: Preuss, Horst Dietrich (Autor)
Format: Llibre
Idioma:espanyol
Publicat: Bilbao Desclée de Brouwer 1999
Col·lecció:Biblioteca Manual Desclée, 21-22
Matèries:
Etiquetes: Afegir etiqueta
Sense etiquetes, Sigues el primer a etiquetar aquest registre!

MARC

LEADER 00000nam a2200000 a 4500
001 UCM3643
003 CL-VaPUC
008 020712e19990000SP |||||||||||||||||spa|d
082 0 4 |a 221  |b PRE  |2 21 
100 0 |a Preuss, Horst Dietrich  |e author  |9 470360 
245 1 0 |a Teología del Antiguo Testamento 
300 |a 478 p 
942 |c BK 
945 |d 20020712 00:00:00  |a cmena 
260 |a Bilbao  |b Desclée de Brouwer  |c 1999 
500 |a v.1: Yahvé elige y obliga 
500 |a v.2: El camino de Israel con Yahvé 
650 0 |a Biblia  |9 257603 
650 0 |a Textos sagrados   |9 257605 
650 0 |a Teología   |9 258766 
650 0 |a Antiguo testamento   |9 313678 
583 |a last modification  |c 20020712 00:00:00  |k Rodrigo Vera 
490 0 |a Biblioteca Manual Desclée, 21-22 
999 |c 300847  |d 300845 
952 |0 0  |1 0  |4 0  |6 221_000000000000000_PRE_1999  |7 0  |8 A  |9 359212  |a BIBTEO  |b BIBTEO  |d 2019-11-21  |h v.1  |i 3829278  |o 221 PRE 1999  |p 3829278  |r 2025-01-17  |w 2019-11-21  |y BK  |k ICR 
952 |0 0  |1 0  |4 0  |6 221_000000000000000_PRE_1999  |7 0  |8 A  |9 359213  |a BIBTEO  |b BIBTEO  |d 2019-11-21  |h v.2  |i 3829286  |o 221 PRE 1999  |p 3829286  |r 2025-01-17  |w 2019-11-21  |y BK  |k ICR